000 01698pam a22003613a 4500
001 2222
003 FISKH
005 20231110123544.0
008 030811s1999 enka j 000 f eng
010 _a 99611231
015 _aGBA2-U2339
020 _a0590108395
020 _a9780590108393
035 _a(OCoLC)ocm50936652
040 _aUKM
_cUKM
_dDLC
_beng
050 0 0 _aPZ7.A1587
082 0 4 _a813.54
_221
100 1 _aAbbott, Tony,
_d1952-
245 1 4 _aThe hidden stairs and the magic carpet /
_cby Tony Abbott ; illustrated by Tim Jessell.
260 _aNew York :
_bScholastic,
_c1999.
300 _a80 pages :
_billustrations ;
_c20 cm
490 1 _aThe secrets of Droon ;
_vBook 1
505 _aG
520 _aWhen Neal and Julie agree to help Eric straighten up his basement, they never imagine that they're in for more than getting a little dusty. But as the three kids follow a soccer ball into the small room under the basement stairs, the floor suddenly evaporates to reveal a rainbow staircase to another world! Before they have a chance to look around, they are caught in the midst of a battle. Shiny red men riding giant lizards are shooting arrows straight at them. They are saved by Princess Keeah of Droon who tells them the red men are warriors for the evil Lord Sparr. She promises to help them get home if they will carry a message for her.
521 8 _a380
_bLexile
521 8 _aG
_bRaz-Plus
650 _aHidden Stairs
_vJuvenile literature
650 _aMagic carpet
_vFiction
655 7 _aChildren's stories.
_2lcsh
700 1 _aJessell, Tim.
_eillustrator
906 _a7
_bcbc
_ccopycat
_d2
_encip
_f19
_gy-genrareb
942 _2ddc
_cBK
_n0
999 _c2222
_d2222